000 00474nam a2200169Ia 4500
005 20250508160932.0
008 008 250505s9999 xx 000 0 eng d
037 _aReference
040 _aFEDL
_beng
_cFEDL
041 _aeng
_2eng
084 _a920, NAT
_qFEDL
245 0 _aNational honous encyclopaedia. Vol 1 A-F
260 _aChandigarh, India
_bManu-India Publishing
_c1976
300 _ax,208p.
942 _cREF
_h920, NAT
999 _c1367493
_d1367493